আদি ঢাকার আদিবাসী বিলুপ্তপ্রায় উর্দুভাষা ও সংস্কৃতি : (Record no. 31099)

MARC details
000 -LEADER
fixed length control field 01034nam a22002057a 4500
003 - CONTROL NUMBER IDENTIFIER
control field BDDh-ASL
005 - DATE AND TIME OF LATEST TRANSACTION
control field 20231015031230.0
008 - FIXED-LENGTH DATA ELEMENTS--GENERAL INFORMATION
fixed length control field 230317s2013 b ||||| |||| 00| 0 b d
040 ## - CATALOGING SOURCE
Original cataloging agency BDDh-ASL
Transcribing agency BDDh-ASL
041 ## - LANGUAGE CODE
Language code of text/sound track or separate title ben
082 ## - DEWEY DECIMAL CLASSIFICATION NUMBER
Classification number 954.3058
Item number ALA
100 1# - MAIN ENTRY--PERSONAL NAME
Personal name আলম, মোহাম্মদ মাহবুব
9 (RLIN) 6249
245 10 - TITLE STATEMENT
Title আদি ঢাকার আদিবাসী বিলুপ্তপ্রায় উর্দুভাষা ও সংস্কৃতি :
Remainder of title সময়কাল ১৯৭১ পর্যন্ত /
246 ## - VARYING FORM OF TITLE
Title proper/short title Adi Dhakar Adibasi/Adivasi Biluptopry Urduvasa O Songskriti by Mohammad Mahbub Alam
260 ## - PUBLICATION, DISTRIBUTION, ETC.
Place of publication, distribution, etc. ঢাকা :
Name of publisher, distributor, etc. শুবর্ণ,
Date of publication, distribution, etc. 2013.
300 ## - PHYSICAL DESCRIPTION
Extent 128 p. :
Dimensions 22 cm.
650 #0 - SUBJECT ADDED ENTRY--TOPICAL TERM
Topical term or geographic name entry element আদিবাসী, Ādibāsī , Aboriginal People, Adibasi, Adivasi, Tribal, Tribe, উপজাতি, Upajāti
Geographic subdivision Bangladesh (বাংলাদেশ)
9 (RLIN) 5825
651 #0 - SUBJECT ADDED ENTRY--GEOGRAPHIC NAME
Geographic name Dhaka (ঢাকা) Dacca
Geographic subdivision Bangladesh (বাংলাদেশ)
9 (RLIN) 4642
942 ## - ADDED ENTRY ELEMENTS (KOHA)
Source of classification or shelving scheme Dewey Decimal Classification
Koha item type Books
Holdings
Withdrawn status Lost status Source of classification or shelving scheme Damaged status Not for loan Collection code Home library Current library Shelving location Date acquired Source of acquisition Total Checkouts Full call number Barcode Date last seen Copy number Price effective from Koha item type Public note
    Dewey Decimal Classification     Non-fiction Asiatic Society Library Asiatic Society Library General Stacks 03/17/2023 Amar Ekushey Book Fair 2022   954.3058 ALA 119708 03/17/2023 C-1 03/17/2023 Books Y-2013

Powered by Koha